Concrete masonry designer's handbook
Salvato in:
| Natura: | Libro |
|---|---|
| Lingua: | inglese |
| Pubblicazione: |
Surrey :
Eyre&Spottiswoode Publ,
1983
|
| Tags: |
Nessun Tag, puoi essere il primo ad aggiungerne!!
|
MARC
| LEADER | 00000nam a22000003a 4500 | ||
|---|---|---|---|
| 001 | stu26854 | ||
| 005 | 20150408181207.2 | ||
| 008 | 921223s1983----uk------------------eng-d | ||
| 020 | |a 0-86310-008-2 | ||
| 040 | |a STU |b slo | ||
| 041 | 0 | |a eng | |
| 044 | |a uk | ||
| 080 | |a 666.98 | ||
| 080 | |a 693.5 |7 stu_us_auth*stu4192 | ||
| 245 | |a Concrete masonry designer's handbook | ||
| 260 | |a Surrey : |b Eyre&Spottiswoode Publ, |c 1983 | ||
| 300 | |a 11,272 s | ||
| 996 | |c V*41001/O-17380 |l VV1 |s P |a 0 |w stu26854_0001 | ||